LINEAR ALGEBRA AND ITS APPLICATIONS: (Record no. 3821)

000 -LEADER
fixed length control field 00352nam a22001217a 4500
008 - FIXED-LENGTH DATA ELEMENTS--GENERAL INFORMATION
fixed length control field 151027b xxu||||| |||| 00| 0 eng d
020 ## - INTERNATIONAL STANDARD BOOK NUMBER
International Standard Book Number 0155510053
050 ## - LIBRARY OF CONGRESS CALL NUMBER
Classification number 512 STR
100 ## - MAIN ENTRY--PERSONAL NAME
Personal name STRANG GILBERT:
245 ## - TITLE STATEMENT
Title LINEAR ALGEBRA AND ITS APPLICATIONS:
250 ## - EDITION STATEMENT
Edition statement 3 RD.
260 ## - PUBLICATION, DISTRIBUTION, ETC. (IMPRINT)
Place of publication, distribution, etc. SAN DIEGO,
Name of publisher, distributor, etc. HARCOURT BRACE JOVANOVICH, PUBLISHERS:
Date of publication, distribution, etc. 1988.
Holdings
Withdrawn status Lost status Source of classification or shelving scheme Damaged status Koha normalized classification for sorting Not for loan Home library Current library Shelving location Date acquired Total Checkouts Full call number Barcode Date last seen Price effective from Koha item type
        512_000000000000000__STR   Dodoma Dodoma Ground Floor 27/10/2015   512 .STR 000000011721 29/07/2019 27/10/2015 BOOKS

IRDP © 2019 :: Managed by IRDP ICT Unit